[Event "Hannover Bezirks op"]
[Site "Hannover"]
[Date "2019.05.11"]
[Round "7.3"]
[White "Zucker, Stefan"]
[Black "Juerke, Uwe"]
[Result "0-1"]
[WhiteElo "1874"]
[BlackElo "1764"]
[PlyCount "58"]
[EventDate "2019.01.19"]
[EventType "swiss"]
[EventRounds "7"]
[EventCountry "GER"]
[SourceTitle "EXT 2023"]
[Source "ChessBase"]
[SourceDate "2022.10.05"]
[SourceVersion "1"]
[SourceVersionDate "2022.10.05"]
[SourceQuality "1"]

1. d4 g6 2. e4 d6 3. Nc3 Bg7 4. Be3 a6 5. a3 b5 6. Nf3 Bb7 7. Bd3 Nd7 8. 0-0 c5 9. d5 c4 10. Be2 Nc5 11. Nd4 e5 12. dxe6 fxe6 13. Bg4 Qe7 14. Qe2 Nf6 15. Bg5 h6 16. Bh4 g5 17. Bh5+ Kd7 18. e5 Nxh5 19. exd6 Qe8 20. Ncxb5 axb5 21. Nxb5 gxh4 22. Qxc4 Qg6 23. f3 h3 24. Rf2 Rac8 25. Na7 Ba6 26. Qb4 Be5 27. Nxc8 Rxc8 28. Rd1 Bxh2+ 29. Kxh2 Qg3+ 0-1

[Event "Hannover Bezirks op"]
[Site "Hannover"]
[Date "2019.03.23"]
[Round "4.4"]
[White "Kiesewetter, Oliver"]
[Black "Juerke, Uwe"]
[Result "0-1"]
[WhiteElo "1782"]
[BlackElo "1764"]
[PlyCount "106"]
[EventDate "2019.01.19"]
[EventType "swiss"]
[EventRounds "7"]
[EventCountry "GER"]
[SourceTitle "EXT 2023"]
[Source "ChessBase"]
[SourceDate "2022.10.05"]
[SourceVersion "1"]
[SourceVersionDate "2022.10.05"]
[SourceQuality "1"]

1. e4 d6 2. d4 Nf6 3. Nc3 g6 4. Be3 Bg7 5. Qd2 h6 6. f3 Bd7 7. 0-0-0 a6 8. e5 Ng8 9. f4 e6 10. Bd3 d5 11. g4 Ne7 12. f5 exf5 13. gxf5 Bxf5 14. Nge2 b5 15. Nf4 c6 16. Bxf5 Nxf5 17. e6 Qf6 18. exf7+ Qxf7 19. Rdf1 0-0 20. Rhg1 g5 21. Nd3 Qe7 22. Re1 Nxe3 23. Rxe3 Qd6 24. Nc5 Qf4 25. Ne2 Qxh2 26. Ne6 Rf2 27. Re1 Ra7 28. Qd3 Raf7 29. Ng3 Nd7 30. Rh1 Qg2 31. Nxg7 Kxg7 32. Qd1 Nf6 33. Rg1 Rxc2+ 34. Qxc2 Qxg1+ 35. Kd2 Ng4 36. Rd3 Rf2+ 37. Ne2 Qf1 38. Qd1 Qxd1+ 39. Kxd1 Rf6 40. Ra3 h5 41. Rxa6 Ne3+ 42. Ke1 h4 43. Ng1 Nc2+ 44. Kd2 Nxd4 45. Kd3 Nf3 46. Nxf3 Rxf3+ 47. Ke2 Rf6 48. Ra3 g4 49. Rd3 Kg6 50. b3 h3 51. a4 h2 52. Rd1 bxa4 53. bxa4 g3 0-1

[Event "Hannover Ihme Cup"]
[Site "Hannover"]
[Date "2016.05.21"]
[Round "2"]
[White "Juerke, Uwe"]
[Black "Schomann, Michael"]
[Result "1-0"]
[WhiteElo "1587"]
[BlackElo "1663"]
[PlyCount "75"]
[EventDate "2016.05.20"]
[EventType "swiss"]
[EventRounds "5"]
[EventCountry "GER"]
[SourceTitle "CBM 189 Extra"]
[Source "ChessBase"]
[SourceDate "2019.06.03"]
[SourceVersion "1"]
[SourceVersionDate "2019.06.03"]
[SourceQuality "1"]

1. d4 d5 2. c4 e6 3. Nf3 Nf6 4. Bg5 Nbd7 5. e3 Bb4+ 6. Nc3 0-0 7. Bd3 h6 8. Bh4 c6 9. h3 Qa5 10. Qb3 dxc4 11. Bxc4 Ne4 12. Rc1 Nb6 13. Bd3 Nxc3 14. bxc3 Ba3 15. Rc2 Nd5 16. Ne5 Bd6 17. Nc4 Qc7 18. Nxd6 Qxd6 19. Bg3 Qe7 20. e4 Nf6 21. Bh4 g5 22. Bg3 c5 23. 0-0 Rd8 24. f4 cxd4 25. fxg5 hxg5 26. cxd4 Nh5 27. Be5 f6 28. Be2 Nf4 29. Bxf4 gxf4 30. Rxf4 Rxd4 31. Qg3+ Kf8 32. Rh4 Qg7 33. Qa3+ Ke8 34. Bb5+ Kd8 35. Rg4 Qf7 36. Qg3 Bd7 37. Bxd7 Rxd7 38. Rg8+ 1-0

[Event "Daehne Cup Region 15/16 I"]
[Site "Gehrden"]
[Date "2015.09.25"]
[Round "1"]
[White "Bank, Corvin"]
[Black "Juerke, Uwe"]
[Result "0-1"]
[WhiteElo "877"]
[BlackElo "1524"]
[PlyCount "104"]
[EventDate "2015.09.25"]
[EventType "k.o."]
[EventCountry "GER"]
[SourceTitle "EXT 2022"]
[Source "ChessBase"]
[SourceDate "2021.10.06"]
[SourceVersion "1"]
[SourceVersionDate "2021.10.06"]
[SourceQuality "1"]

1. e4 d6 2. f3 Nf6 3. Nc3 g6 4. d3 Bg7 5. Bg5 h6 6. Bh4 g5 7. Bg3 Nh5 8. Nce2 Nxg3 9. Nxg3 Bxb2 10. Rb1 Bc3+ 11. Ke2 e6 12. Nh5 Nd7 13. d4 Nf6 14. Nxf6+ Qxf6 15. Ke3 c5 16. Bb5+ Kf8 17. Ne2 cxd4+ 18. Nxd4 Qxd4+ 19. Qxd4 Bxd4+ 20. Kxd4 a6 21. Bd3 b5 22. Ke3 Bd7 23. Rb2 Ke7 24. c4 bxc4 25. Bxc4 Bb5 26. Bxb5 axb5 27. Rxb5 Rxa2 28. Rb7+ Kf6 29. g3 Rha8 30. Rb3 R8a3 31. Rhb1 Rxb3+ 32. Rxb3 e5 33. Rd3 Ke6 34. Rd2 Rxd2 35. Kxd2 d5 36. Kd3 d4 37. h4 gxh4 38. gxh4 f5 39. f4 fxe4+ 40. Kxe4 exf4 41. Kxf4 Kd5 42. Kf5 d3 43. Kg6 d2 44. Kxh6 d1Q 45. h5 Qc1+ 46. Kg6 Qc6+ 47. Kg5 Qe8 48. h6 Qg8+ 49. Kf6 Qh7 50. Kg5 Ke5 51. Kh5 Kf4 52. Kh4 Qxh6# 0-1